Statistics for 20 Most Isolated Country Tripoints from Tripoints with no common country

Click here to take the quiz!

General Stats

  • This quiz has been taken 23 times
  • The average score is 58 of 60

Answer Stats

COUNTRY % Correct
Laos
100%
Brazil
100%
China
100%
Guyana
100%
Russia
100%
Chile
100%
Brazil
100%
China
100%
Colombia
100%
Colombia
100%
Bolivia
100%
Russia
100%
Laos
100%
Uruguay
100%
Paraguay
100%
India
100%
Venezuela
100%
Chile
100%
Venezuela
100%
Paraguay
100%
Suriname
100%
Paraguay
100%
Suriname
100%
Bolivia
100%
Guyana
100%
Argentina
100%
Bolivia
100%
Brazil
100%
Bolivia
100%
Argentina
100%
Argentina
100%
Brazil
100%
Brazil
100%
Brazil
100%
Brazil
100%
Bolivia
100%
China
100%
China
100%
Brazil
100%
North Korea
100%
Argentina
100%
Brazil
100%
Peru
95%
Vietnam
95%
Burma
95%
Peru
95%
Peru
95%
Cambodia
95%
Burma
95%
Mongolia
95%
France
91%
Mexico
82%
Guatemala
82%
El Salvador
82%
Honduras
82%
Belize
82%
Guatemala
82%
Niger
77%
Chad
77%
Libya
77%

Score Distribution

Percentile by Number Answered

Percent of People with Each Score

Your Score History

You have not taken this quiz